Women in panchayati raj structures (Record no. 349919)

000 -LEADER
fixed length control field 00340cam a22001217a 4500
008 - FIXED-LENGTH DATA ELEMENTS--GENERAL INFORMATION
fixed length control field 180718b1989 xxu||||| |||| 00| 0 eng d
082 ## - DEWEY DECIMAL CLASSIFICATION NUMBER
Classification number B73x54 M314
100 ## - MAIN ENTRY--PERSONAL NAME
Personal name Manikyamba, P.
245 ## - TITLE STATEMENT
Title Women in panchayati raj structures
Statement of responsibility, etc. by P. Manikyamba
260 ## - PUBLICATION, DISTRIBUTION, ETC.
Place of publication, distribution, etc. New Delhi
Name of publisher, distributor, etc. Gian
Date of publication, distribution, etc. 1989
300 ## - PHYSICAL DESCRIPTION
Extent 142p.
650 ## - SUBJECT ADDED ENTRY--TOPICAL TERM
Topical term or geographic name entry element Women in politics --India.
Holdings
Withdrawn status Lost status Damaged status Not for loan Permanent Location Current Location Date acquired Full call number Barcode Date last seen Price effective from Koha item type
        Indian Institute of Public Administration Indian Institute of Public Administration 1993-11-02 B73x54 M314 65124 2018-07-21 2018-07-21 Book

Powered by Koha